Employment and Social Developments in Europe 2019 Sustainable Growth for All: Choices for the Future of Social Europe
Na minha lista:
| Autor Corporativo: | |
|---|---|
| Formato: | Livro |
| Idioma: | inglês |
| Publicado em: |
Luxembourg
Publications Office of the European Union
2019
|
| Assuntos: | |
| Tags: |
Sem tags, seja o primeiro a adicionar uma tag!
|
MARC
| LEADER | 00000nam a2200000 4500 | ||
|---|---|---|---|
| 001 | 0258800 | ||
| 005 | 20251216071931.5 | ||
| 020 | |a 978-92-76-08608-6 | ||
| 022 | |a 1977-270X | ||
| 041 | 0 | |a eng | |
| 044 | |a LU | ||
| 245 | 1 | 0 | |a Employment and Social Developments in Europe 2019 |b Sustainable Growth for All: Choices for the Future of Social Europe |
| 264 | 1 | |a Luxembourg |b Publications Office of the European Union |c 2019 | |
| 300 | |a 329 s. | ||
| 610 | 2 | 0 | |a Európa |
| 610 | 2 | 0 | |a rozvoj sociálny |
| 610 | 2 | 0 | |a zamestnanosť |
| 610 | 2 | 0 | |a trh práce |
| 610 | 2 | 0 | |a situácia sociálna |
| 610 | 2 | 0 | |a chudoba |
| 610 | 2 | 0 | |a príjmy |
| 610 | 2 | 0 | |a nerovnosť príjmová |
| 610 | 2 | 0 | |a rast hospodársky |
| 610 | 2 | 0 | |a produktivita |
| 610 | 2 | 0 | |a kapitál ľudský |
| 610 | 2 | 0 | |a regióny |
| 610 | 2 | 0 | |a investovanie |
| 610 | 2 | 0 | |a deti |
| 610 | 2 | 0 | |a rodina |
| 610 | 2 | 0 | |a politika environmentálna |
| 610 | 2 | 0 | |a zmeny klimatické |
| 710 | 2 | |a European Commission | |